[Event "Poznan op 24th"]
[Site "Poznan"]
[Date "2016.08.13"]
[Round "7"]
[White "Chrost, Hugo"]
[Black "Kaluzny, Lukasz"]
[Result "0-1"]
[WhiteElo "1395"]
[BlackElo "1952"]
[PlyCount "86"]
[EventDate "2016.08.08"]
[EventType "swiss"]
[EventRounds "9"]
[EventCountry "POL"]
[SourceTitle "CBM 173 Extra"]
[Source "ChessBase"]
[SourceDate "2016.08.29"]
[SourceVersion "1"]
[SourceVersionDate "2016.08.29"]
[SourceQuality "1"]

1. e4 c5 2. Nc3 e6 3. f4 Nc6 4. Nf3 a6 5. a4 d5 6. d3 Nf6 7. e5 d4 8. Ne2 Nd5 9. g4 h5 10. g5 g6 11. h4 b6 12. Ng3 Nce7 13. Bg2 Nf5 14. Nxf5 exf5 15. 0-0 Be6 16. Qe2 Rb8 17. Bd2 Be7 18. Rfc1 Qd7 19. Ne1 0-0 20. Bf3 Rfd8 21. Ng2 Bf8 22. Kf2 Rdc8 23. Bxh5 gxh5 24. Qxh5 Bg7 25. Qe2 c4 26. dxc4 Ne3 27. b3 Ng4+ 28. Kg3 Rd8 29. Qd3 Qb7 30. Re1 b5 31. cxb5 axb5 32. h5 bxa4 33. Rxa4 Qd5 34. Nh4 Qb5 35. Qxb5 Rxb5 36. h6 Bf8 37. Rd1 d3 38. cxd3 Rxd3+ 39. Kg2 Bxb3 40. Ra8 Bd5+ 41. Kg1 Bxa8 42. Nxf5 Rb2 43. Ra1 Bf3 0-1

[Event "Poznan op 24th"]
[Site "Poznan"]
[Date "2016.08.11"]
[Round "4"]
[White "Wojdak, Jan"]
[Black "Chrost, Hugo"]
[Result "0-1"]
[WhiteElo "1681"]
[BlackElo "1395"]
[PlyCount "154"]
[EventDate "2016.08.08"]
[EventType "swiss"]
[EventRounds "9"]
[EventCountry "POL"]
[SourceTitle "CBM 173 Extra"]
[Source "ChessBase"]
[SourceDate "2016.08.29"]
[SourceVersion "1"]
[SourceVersionDate "2016.08.29"]
[SourceQuality "1"]

1. e4 e6 2. d4 d5 3. Nd2 Nf6 4. e5 Nfd7 5. Bd3 c5 6. c3 Nc6 7. Ne2 cxd4 8. cxd4 f6 9. exf6 Nxf6 10. Nf3 Bd6 11. 0-0 0-0 12. Bg5 Qc7 13. Bh4 Bd7 14. Bg3 Bxg3 15. Nxg3 Qb6 16. b3 Rac8 17. Re1 Nb4 18. Bb1 Qc7 19. Ne5 Nc2 20. Bxc2 Qxc2 21. Re2 Qxd1+ 22. Rxd1 Bb5 23. Red2 Nd7 24. Ng4 Nf6 25. Ne3 Rc7 26. f3 Rfc8 27. Ne2 Bxe2 28. Rxe2 Rc1 29. Kf2 Rxd1 30. Nxd1 Kf7 31. Ke3 Ne8 32. Nb2 Nd6 33. Nd3 Nf5+ 34. Kf4 Nxd4 35. Ne5+ Ke7 36. Rd2 Nf5 37. g4 Nh6 38. h4 Kd6 39. Nc4+ Ke7 40. Ne5 Nf7 41. Nxf7 Kxf7 42. Ke5 Ke7 43. f4 Rc1 44. Re2 Rf1 45. f5 exf5 46. Kxd5+ Kd7 47. Rg2 fxg4 48. Rxg4 g6 49. Ra4 Rf5+ 50. Ke4 a6 51. Rb4 Kc6 52. Ke3 h6 53. Rg4 g5 54. Re4 Kd6 55. Rb4 b5 56. Rg4 h5 57. Rg1 g4 58. Rd1+ Kc6 59. Rd8 Rf3+ 60. Ke4 Rh3 61. Rh8 Rxh4 62. Rh6+ Kb7 63. Rh7+ Kb6 64. Rh6+ Ka5 65. a3 g3+ 66. Kf3 Rg4 67. Kg2 h4 68. Rh8 Rf4 69. Rg8 Rf2+ 70. Kg1 Rf3 71. b4+ Ka4 72. Rg4 h3 73. Rg6 Kxa3 74. Rxa6+ Kxb4 75. Rh6 g2 76. Rh4+ Ka3 77. Kh2 Rf1 0-1

[Event "Poznan op 24th"]
[Site "Poznan"]
[Date "2016.08.09"]
[Round "2"]
[White "Raczynski, Krzysztof"]
[Black "Chrost, Hugo"]
[Result "1-0"]
[WhiteElo "2039"]
[BlackElo "1395"]
[PlyCount "109"]
[EventDate "2016.08.08"]
[EventType "swiss"]
[EventRounds "9"]
[EventCountry "POL"]
[SourceTitle "CBM 173 Extra"]
[Source "ChessBase"]
[SourceDate "2016.08.29"]
[SourceVersion "1"]
[SourceVersionDate "2016.08.29"]
[SourceQuality "1"]

1. e4 e6 2. d4 d5 3. Nd2 Nf6 4. e5 Nfd7 5. Bd3 c5 6. c3 Nc6 7. Ne2 cxd4 8. cxd4 f6 9. exf6 Nxf6 10. Nf3 Bd6 11. 0-0 0-0 12. Bf4 Bxf4 13. Nxf4 Ne4 14. Qc1 Ng5 15. Nxg5 Qxg5 16. Bxh7+ Kxh7 17. Nxe6 Qxc1 18. Nxf8+ Kg8 19. Raxc1 Kxf8 20. Rfe1 Bf5 21. f3 Re8 22. Rxe8+ Kxe8 23. Rd1 Kd7 24. g4 Bc2 25. Rd2 Bb1 26. b4 Kc7 27. a3 Kb6 28. Rb2 Bd3 29. Kf2 Bc4 30. Ke3 Kb5 31. h4 Ka4 32. h5 Kxa3 33. Rb1 Ba2 34. Rc1 Kxb4 35. g5 a5 36. h6 gxh6 37. gxh6 Ne7 38. Kf4 Ng6+ 39. Kg5 Nf8 40. Kf6 Bc4 41. Kg7 Ne6+ 42. Kf6 Nf8 43. Rb1+ Kc3 44. Rxb7 Bd3 45. Ra7 Kb4 46. f4 Nh7+ 47. Ke5 a4 48. f5 Ng5 49. h7 Nxh7 50. Rxh7 a3 51. Ra7 Kb3 52. f6 Bg6 53. f7 Bxf7 54. Rxf7 a2 55. Ra7 1-0

[Event "POL-chT U19 2nd League"]
[Site "Iwonicz"]
[Date "2015.08.01"]
[Round "11.16"]
[White "Chrost, Hugo"]
[Black "Mietkiewicz, Jacek"]
[Result "0-1"]
[WhiteElo "1309"]
[BlackElo "1599"]
[PlyCount "28"]
[EventDate "2015.07.25"]
[EventType "team-swiss"]
[EventRounds "11"]
[EventCountry "POL"]
[SourceTitle "EXT 2019"]
[Source "ChessBase"]
[SourceDate "2018.10.10"]
[SourceVersion "1"]
[SourceVersionDate "2018.10.10"]
[SourceQuality "1"]
[WhiteTeam "Leszno Wieniawa U19"]
[BlackTeam "Gniezno LKS Chrobry U19"]
[WhiteTeamCountry "POL"]
[BlackTeamCountry "POL"]

1. e4 c5 2. Nc3 e6 3. g3 a6 4. a4 Nc6 5. Bg2 Nf6 6. f4 d5 7. e5 Nd7 8. Nf3 Be7 9. d3 0-0 10. 0-0 Qc7 11. Bd2 Rb8 12. g4 f6 13. exf6 gxf6 14. a5 Nd4 0-1

[Event "POL-chT U19 2nd League"]
[Site "Iwonicz"]
[Date "2015.08.01"]
[Round "2.10"]
[White "Guzik, Tomasz"]
[Black "Chrost, Hugo"]
[Result "0-1"]
[WhiteElo "1240"]
[BlackElo "1309"]
[PlyCount "112"]
[EventDate "2015.07.25"]
[EventType "team-swiss"]
[EventRounds "11"]
[EventCountry "POL"]
[SourceTitle "EXT 2019"]
[Source "ChessBase"]
[SourceDate "2018.10.10"]
[SourceVersion "1"]
[SourceVersionDate "2018.10.10"]
[SourceQuality "1"]
[WhiteTeam "Jaworzno JKSz MCKiS U19"]
[BlackTeam "Leszno Wieniawa U19"]
[WhiteTeamCountry "POL"]
[BlackTeamCountry "POL"]

1. e4 e6 2. d4 d5 3. exd5 exd5 4. Bd3 Bd6 5. Nc3 c6 6. Nge2 Qc7 7. h3 h6 8. Be3 Ne7 9. Qd2 Bf5 10. Bf4 0-0 11. 0-0-0 Nd7 12. Bxd6 Qxd6 13. Bxf5 Nxf5 14. Qf4 Qxf4+ 15. Nxf4 b5 16. a4 b4 17. Na2 a5 18. b3 Rfe8 19. c3 g5 20. Nd3 bxc3 21. Nxc3 Nxd4 22. Kb2 Ne2 23. Rhe1 Nxc3 24. Kxc3 Kf8 25. Kd4 Rxe1 26. Rxe1 Re8 27. Rxe8+ Kxe8 28. b4 axb4 29. Nxb4 c5+ 30. Kxd5 cxb4 31. Kc4 f5 32. Kxb4 Kd8 33. Kb5 Kc8 34. Kc6 Ne5+ 35. Kd6 Nd3 36. Ke6 f4 37. Kf6 Nxf2 38. Kg6 Nxh3 39. Kf5 Kb7 40. Kg4 Ng1 41. Kh5 Ka6 42. Kg4 Ka5 43. Kh5 f3 44. gxf3 Nxf3 45. Kg4 Nd4 46. Kh5 Kxa4 47. Kg4 Kb4 48. Kh5 Kc4 49. Kg4 Kd3 50. Kh5 Ke3 51. Kg4 Ne2 52. Kh5 Kf3 53. Kxh6 g4 54. Kh7 g3 55. Kh6 g2 56. Kh5 g1Q 0-1